000 00671nam a2200241Ia 4500
003 OSt
005 20220925215253.0
006 a|||||r|||| 00| 0
007 ta
008 220923b |||||||| |||| 00| 0 eng d
020 _a0435845268
037 _cGeneral Book
040 _aRTL
_cRTL
_beng
041 _2eng
_aeng
082 _aX:1.3.N7, M0
100 _aMorris David Ed.
_9282443
245 0 _aEconomics of consumer protection
260 _aLondon
_bHeinemann Educational Books
_c1980
300 _axiii,237p.
_ccm.
650 _aConsumption Economics
942 _hX:1.3.N7, M0
_cGB
_2CC
999 _c568303
_d568303